000 01356cam a2200289 a 4500
999 _c234477
_d234477
001 13622637
003 Nust
005 20170321124251.0
008 030514s2003 enkab 000 1 eng d
010 _a 2004401794
015 _aGBA3-V6662
020 _a9780575075542
035 _a(OCoLC)ocm52785081
040 _aUKM
_cUKM
_dGZM
_dOCLCQ
_dDLC
042 _alccopycat
050 0 0 _aPR6118.O23
_bS65 2003
082 0 4 _a823.914
_bROB
100 1 _aRoberts, Adam
_q(Adam Charles)
245 1 4 _aThe soddit, or, Let's cash in again, or, There, and back again, dammit, where did I put it, where is it, I don't believe it, I must have left it there, over again to there, oh for heaven's sake, it's not here either, back yet again, fuming, oh there it is, it was by the front door all along /
_cA.R.R.R. Roberts.
246 3 0 _aLet's cash in again
260 _aLondon :
_bGollancz,
_c2003.
300 _a343 p. :
_bill., map ;
_c16 cm.
650 _aHumorous stories
_vFiction
655 0 _aSatire.
856 4 2 _3Contributor biographical information
_uhttp://www.loc.gov/catdir/bios/orion051/2004401794.html
856 4 2 _3Publisher description
_uhttp://www.loc.gov/catdir/description/ste051/2004401794.html
906 _a7
_bcbc
_ccopycat
_d2
_encip
_f20
_gy-gencatlg
942 _2ddc
_cBK